LEADER 01035nam a2200241 i 4500 001 000000107060 003 CaOOAMICUS 005 20101029000000.0 008 101029s2000 it u000 u ita u 013 $a79274 040 $aSeMil$bita 100 1 $aComincini, Mario.$0(OLS)http://semarc/name/6155 245 10$aSedriano :$buna parrocchia, una comunita /$cMario Comincini, Federico Cavalieri ; fotografia a cura di Pietro Garegnani. 260 $aSedriano :$bParrocchia di Sedriano,$c2000. 300 $a207 p. :$bill. ;$c31 cm. 650 4$aSedriano.$0(OLS)http://semarc/subject/18662 700 1 $aGaregnani, Pietro.$0(OLS)http://semarc/name/45025 700 1 $aCavalieri, Federico.$0(OLS)http://semarc/name/18885 850 $aSeMil 852 $aSeMil$W1$xVenegono$y1$m3P V 391$j63157$B63157$CSeMilBibl$Z2$F155936 $81 961 $aOmaggio: Altro 996 $6245$aSedriano :$buna parrocchia, una comunita$9(OLS)http://semarc/title/155238 996 $6260$aSedriano :$bParrocchia di Sedriano$9(OLS)http://semarc/publisher/44851 LEADER 01469nam a2200361 i 4500 001 000000124269 003 CaOOAMICUS 005 20100111000000.0 008 100111s2001 it u000 u ita u 013 $a96966 020 $a88-8057-127-3 040 $aSeMil$bita 100 1 $aMaimonides,$d<1138-1204>.$0(OLS)http://semarc/name/39424 240 10$aShemonà Perakim.$0(OLS)http://semarc/title/182871 245 14$aGli Otto Capitoli :$bla dottrina etica /$cMosè Maimonide ; prefazione, traduzione e note a cura di Giuseppe Laras. 260 $aFirenze :$bGiuntina,$c2001. 300 $a140 p. ;$c20 cm. 490 0 $aShofàr ;$v4 500 $aCon dedica autografa al card. Tettamanzi. - Dono Del Card. Dionigi Tettamanzi. 650 4$aGiudaismo.$0(OLS)http://semarc/subject/2880 700 1 $aLaras, Giuseppe,$c.$0(OLS)http://semarc/name/90205 830 0$aShofàr ;$v4.$0(OLS)http://semarc/title/15226 850 $aSeMil 852 $aSeMil$W1$xVenegono$y1$m2X I 71$j78873$B78873$CSeMilBibl$Z2$F82773 $81 900 1 $aMoïse Maïmonide. 900 0 $aMosè Maimonide. 941 1 $a5 961 $aOmaggio: Tettamanzi Card. Dionigi 996 $6020$a88-8057-127-3$9(OLS)http://semarc/number/110029 996 $6245$aGli Otto Capitoli :$bla dottrina etica$9(OLS)http://semarc/title/182870 996 $6260$aFirenze :$bGiuntina$9(OLS)http://semarc/publisher/31954